<?xml version="1.0" encoding="UTF-8"?>
<record
    xmlns:xsi="http://www.w3.org/2001/XMLSchema-instance"
    xsi:schemaLocation="http://www.loc.gov/MARC21/slim http://www.loc.gov/standards/marcxml/schema/MARC21slim.xsd"
    xmlns="http://www.loc.gov/MARC21/slim">

  <leader>01089    a2200205   4500</leader>
  <controlfield tag="001"> 84813</controlfield>
  <controlfield tag="003">BD-RjUL</controlfield>
  <controlfield tag="005">20250416111114.0</controlfield>
  <controlfield tag="008">250416s1945    ii ||||| |||| 00| 0 urd d</controlfield>
  <datafield tag="035" ind1=" " ind2=" ">
    <subfield code="a">(BD-RjUL) 84813</subfield>
  </datafield>
  <datafield tag="040" ind1=" " ind2=" ">
    <subfield code="a">BD-RjUL</subfield>
    <subfield code="b">eng</subfield>
    <subfield code="c">BD-RjUL</subfield>
  </datafield>
  <datafield tag="041" ind1=" " ind2=" ">
    <subfield code="a">urd</subfield>
  </datafield>
  <datafield tag="082" ind1=" " ind2=" ">
    <subfield code="2">23</subfield>
    <subfield code="a">891.55</subfield>
    <subfield code="b">FAH 1945</subfield>
  </datafield>
  <datafield tag="100" ind1=" " ind2=" ">
    <subfield code="a">  &#x641;&#x631;&#x6CC;&#x62F;&#x622;&#x628;&#x627;&#x62F;&#x649;&#x60C; &#x633;&#x64A;&#x62F; &#x647;&#x627;&#x634;&#x645;&#x649; &#x60C; ;; Faridabadi, Syed Hashmi,</subfield>
    <subfield code="9">15243</subfield>
  </datafield>
  <datafield tag="245" ind1="1" ind2="0">
    <subfield code="a">&#x62D;&#x6A9;&#x627;&#x6CC;&#x627;&#x62A; &#x631;&#x648;&#x645;&#x649; / &#x1E24;ik&#x101;y&#x101;t-i R&#x16B;m&#x12B; /</subfield>
    <subfield code="b">&#x631;&#x62C;&#x645;&#x647; &#x627;&#x632; &#x645;&#x631;&#x632;&#x627; &#x646;&#x638;&#x627;&#x645; &#x634;&#x627;&#x647; &#x644;&#x628;&#x6CC;&#x628; &#x61B; &#x628;&#x647; &#x646;&#x638;&#x631; &#x62B;&#x627;&#x646;&#x649;&#x60C; &#x633;&#x64A;&#x62F; &#x647;&#x627;&#x634;&#x645;&#x649; &#x641;&#x631;&#x6CC;&#x62F;&#x622;&#x628;&#x627;&#x62F;&#x649;.,  &#x62C;&#x644;&#x627;&#x644; &#x627;&#x627;&#x644;&#x62F;&#x6CC;&#x646; &#x631;&#x648;&#x645;&#x649;&#x60C; &#x645;&#x648;&#x644;&#x627;&#x646;&#x627;&#x60C; &#x62C;&#x644;&#x627;&#x644; &#x627;&#x644;&#x62F;&#x6CC;&#x646; &#x631;&#x648;&#x645;&#x649;&#x60C; &#x645;&#x648;&#x644;&#x627;&#x646;&#x627;&#x60C; 1207-1273, author (Author), &#x647;&#x627;&#x634;&#x645;&#x649; &#x641;&#x631;&#x6CC;&#x62F;&#x622;&#x628;&#x627;&#x62F;&#x649;&#x60C; &#x633;&#x64A;&#x62F;&#x60C; / tarjamah az Mirz&#x101; Ni&#x1E93;&#x101;m Sh&#x101;h Lab&#x12B;b ; bah na&#x1E93;r-i s&#x332;&#x101;n&#x12B;, Sayyid H&#x101;shim&#x12B; Far&#x12B;d&#x101;b&#x101;d&#x12B;., Jal&#x101;l al-D&#x12B;n R&#x16B;m&#x12B; (Author), Sayyid H&#x101;shm&#x12B; Far&#x12B;d&#x101;b&#x101;d&#x12B;</subfield>
  </datafield>
  <datafield tag="260" ind1=" " ind2=" ">
    <subfield code="a">Dihl&#x12B;, :&#x647;&#x646;&#x62F; </subfield>
    <subfield code="b"> &#x627;&#x646;&#x62C;&#x645;&#x646; &#x62A;&#x631;&#x642;&#x649;&#x651; &#x627;&#x631;&#x62F;&#x648;&#x60C; &#x60C;</subfield>
    <subfield code="c">1945</subfield>
  </datafield>
  <datafield tag="300" ind1=" " ind2=" ">
    <subfield code="a">238 p. ;</subfield>
    <subfield code="c">20 cm</subfield>
  </datafield>
  <datafield tag="650" ind1=" " ind2=" ">
    <subfield code="a">Didactic literature, Persian</subfield>
    <subfield code="9">15244</subfield>
  </datafield>
  <datafield tag="942" ind1=" " ind2=" ">
    <subfield code="2">ddc</subfield>
    <subfield code="c">BK</subfield>
  </datafield>
  <datafield tag="999" ind1=" " ind2=" ">
    <subfield code="c">84813</subfield>
    <subfield code="d">84813</subfield>
  </datafield>
  <datafield tag="952" ind1=" " ind2=" ">
    <subfield code="0">0</subfield>
    <subfield code="1">0</subfield>
    <subfield code="2">ddc</subfield>
    <subfield code="4">0</subfield>
    <subfield code="7">1</subfield>
    <subfield code="8">NFIC</subfield>
    <subfield code="a">RUCL</subfield>
    <subfield code="b">RUCL</subfield>
    <subfield code="c">Reading</subfield>
    <subfield code="d">2025-04-16</subfield>
    <subfield code="l">0</subfield>
    <subfield code="o">U 891.55 FAH 1945</subfield>
    <subfield code="r">2025-04-16 00:00:00</subfield>
    <subfield code="t">C-1</subfield>
    <subfield code="w">2025-04-16</subfield>
    <subfield code="y">BK</subfield>
  </datafield>
</record>
